000 01365cam a22003014a 4500
005 20200104041557.0
008 051011s2005 dcua b 001 0 eng
020 _a1559633867 (alk. paper)
020 _a1559633875 (pbk. : alk. paper)
040 _aDLC
_cDLC
_dDLC
_dCO-BoIAVH
041 0 _aeng
044 _axxu
082 0 4 _a304.2
_bE19e1
245 0 0 _aEcosystems and human well-being :
_bOur human planet. Summary for decision-makers /
_cMillennium Ecosystem Assessment.
260 _aWashington, [D.C.] :
_bIsland Press,
_cc2005.
300 _axv, 109 páginas :
_bIlustraciones ;
_c28 x 22 cm.
490 0 _aEcosystems and human well-being
500 _aIncluye índice y glosario.
505 0 _aMA conceptual framework -- Current state and trends : ecosystems and their services around the year 2000 -- Scenarios : comparing alternate futures of ecosystem services and human well-being -- Policy responses : response options and strategies -- Multiscale assessments : integrated assessments at multiple scales.
650 0 _aHuman ecology.
650 0 _aEcosystem management.
650 1 6 _aEcología humana
650 2 6 _aAdministración ambiental
650 2 6 _aServicios ambientales
650 2 6 _aPolíticas ambientales
710 2 _aMillennium Ecosystem Assessment (Program)
942 _2ddc
_cLIBRO
999 _c5255
_d5255